00621nam a22001937a 450000500170000001000130001702000220003003500130005203700160006504000120008108200130009310000250010624500920013126000520022327000880027530000210036365000160038465000270040020170124110046.0 aB-128361 c65.00a8181830032 aB-128361 bCen Lib/Ret aDPLbEN a886bPAR aParker, Shirley Ann  aPersonal letters for all occasions :cby Shiley Ann Parker bwhat will shall I wright / aMumbai bVMP publishers and distributers c2003 bMumbai a^, Princess building, E R Road near J.J. hospital traffic signals e400003 a100p.c21cm(pbk) aLiterature  aHistorical literature